[Event "Porto Mannu op"]
[Site "Porto Mannu"]
[Date "2008.05.21"]
[Round "6"]
[White "Buratti, Marco"]
[Black "Mascellani, Marco"]
[Result "1/2-1/2"]
[WhiteElo "2031"]
[BlackElo "2309"]
[PlyCount "67"]
[EventDate "2008.05.17"]
[EventType "swiss"]
[EventRounds "9"]
[EventCountry "ITA"]
[SourceTitle "CBM 124 Extra"]
[Source "ChessBase"]
[SourceDate "2008.07.03"]
[SourceVersion "1"]
[SourceVersionDate "2008.07.03"]
[SourceQuality "1"]

1. e4 c5 2. Nc3 Nc6 3. Bc4 g6 4. d3 Bg7 5. Nge2 Na5 6. 0-0 d6 7. Bb5+ Bd7 8. Bxd7+ Qxd7 9. Bg5 Nc6 10. Qd2 h6 11. Be3 Nd4 12. Nd1 e6 13. Ng3 Ne7 14. c3 Ndc6 15. d4 cxd4 16. cxd4 d5 17. e5 f5 18. exf6 Bxf6 19. b4 e5 20. dxe5 Nxe5 21. Rc1 Nc4 22. Qd3 Nxe3 23. Qxe3 Kf7 24. Qf4 Rac8 25. Ne3 h5 26. Rcd1 Kg7 27. Ne4 Rhf8 28. Nxf6 Rxf6 29. Qe4 Qd6 30. Qd4 Rd8 31. Qxa7 Rd7 32. Qd4 Kh7 33. a3 Nf5 34. Nxf5 1/2-1/2

[Event "Rome Autunno Accademia op"]
[Site "Rome"]
[Date "2007.10.14"]
[Round "5"]
[White "Buratti, Marco"]
[Black "Marzio, Mario"]
[Result "1-0"]
[WhiteElo "2054"]
[BlackElo "1486"]
[PlyCount "61"]
[EventDate "2007.10.12"]
[EventType "swiss"]
[EventRounds "5"]
[EventCountry "ITA"]
[SourceTitle "EXT 2010"]
[Source "ChessBase"]
[SourceDate "2010.11.25"]
[SourceVersion "1"]
[SourceVersionDate "2010.11.25"]
[SourceQuality "1"]

1. e4 e5 2. Nc3 Nc6 3. Bc4 h6 4. d3 Bc5 5. f4 Bxg1 6. Rxg1 d6 7. f5 Qh4+ 8. g3 Qd8 9. Qh5 Qd7 10. Be6 Qe7 11. Nd5 Nf6 12. Bxf7+ Kf8 13. Nxe7 Nxh5 14. Ng6+ Kxf7 15. Nxh8+ Kf6 16. Ng6 Nd4 17. Rg2 Nf3+ 18. Kf2 Nd4 19. c3 Nc6 20. g4 Nf4 21. Bxf4 exf4 22. Nxf4 b6 23. Nd5+ Kf7 24. Nxc7 Rb8 25. g5 Ne5 26. d4 Nc6 27. gxh6 gxh6 28. Rag1 a5 29. Rg7+ Kf8 30. Rg8+ Kf7 31. R1g7+ 1-0

[Event "Rome Accademia op"]
[Site "Rome"]
[Date "2007.02.04"]
[Round "4"]
[White "Verrascina, Nicola"]
[Black "Buratti, Marco"]
[Result "0-1"]
[WhiteElo "1993"]
[BlackElo "2073"]
[PlyCount "40"]
[EventDate "2007.02.02"]
[EventType "swiss"]
[EventRounds "5"]
[EventCountry "ITA"]
[SourceTitle "EXT 2008"]
[Source "ChessBase"]
[SourceDate "2007.11.25"]
[SourceVersion "1"]
[SourceVersionDate "2007.11.25"]
[SourceQuality "1"]

1. e4 e5 2. f4 exf4 3. Nf3 d6 4. d4 g5 5. h4 g4 6. Ng1 Nf6 7. Nc3 Nh5 8. Bc4 Be7 9. Nge2 Bxh4+ 10. Kf1 Nc6 11. Qd3 Qf6 12. e5 dxe5 13. dxe5 Nxe5 14. Qe4 Bf5 15. Qxb7 0-0 16. Bb3 Rab8 17. Qxc7 f3 18. gxf3 Nxf3 19. Bxf7+ Rxf7 20. Qxb8+ Rf8 0-1